| 000 | 00570nam a2200229Ia 4500 | ||
|---|---|---|---|
| 003 | OSt | ||
| 005 | 20221006151732.0 | ||
| 006 | a|||||r|||| 00| 0 | ||
| 007 | ta | ||
| 008 | 221006b |||||||| |||| 00| 0 eng d | ||
| 020 | _c141.00 | ||
| 024 | _a23,173 | ||
| 037 | _cTextual | ||
| 040 |
_aEASL _cEASL _beng |
||
| 041 |
_2eng _aeng |
||
| 100 | _aJONES Peter Ed. | ||
| 245 | 0 | _aInt. Yearbook of foreign policy analyses | |
| 260 |
_aLondon _bCroom-Helm _c1975 |
||
| 300 |
_a266p. _ccm. |
||
| 942 |
_cTEXL _2CC |
||
| 999 |
_c1091259 _d1091259 |
||